000
00275nam a22001097a 4500
003
OSt
008
250128b |||||||| |||| 00| 0 eng d
041
_a
eng
245
_a
Agricultural Development in Developing Countries:
_b
Comparative Experience
260
_c
1972.
942
_c
BK
999
_c
19163
_d
19163